00883 a2200181 4500003000500000005001700005040000900022082001200031100003600043245006300079260003600142300001100178505030500189650004600494942002100540999001900561952012100580NUST20230118122204.0 cNust a387,HUS aHussain, Khalifa Afzal 9106959 aThe concept of transport in Quran /cKhalifa Afzal Hussain aLahorebNew Fine printingc1987 a95 .p; aThe Mysteries in The Quran (Page-9), Communications and Transport (Page-26), Travel Subjective & Objective (Page-34), Maritime Transport (Page-41), The Delug (Page-54), Road Transport (Page-62), The Significance of Transport in Miraj (Page-71), The Concept of Science and Commerce in Quran (Page-80). aThe concept of transport in quran9106960 2ddccBKk387,HUS c185306d185306 00102ddc4070aMCSbMCScGENd2016-12-12o387,HUSpMCS21627r2016-12-08w2016-12-12yBKzAlmirah No.54, Shelf No.5